000 00672nam a2200217 i 4500
001 85684
003 ES-MaACL
005 20250926063054.0
007 t|
008 041130s1978 ag ||||1| spa d
100 1 _aJung, Carl G.,
_d1875-1961
_967282
245 1 0 _aPsicología y educación /
_cCarl Gustav Jung ; [versión de Ida German de Butelman].
250 _a[6ª ed.].
260 _aBuenos Aires :
_bPaidós,
_c1978.
300 _a101 p. ;
_c20 cm.
490 1 _aPsicopedagogía ;
_v6
700 1 _aGerman de Butelman, Ida.
_956472
830 0 _aPsicopedagogía ;
_v6
_9231724
852 _aES-MaACL
_jL-9885
_bR.111790
999 _c85684
_d85684